000 00446nam a2200181Ia 4500
001 8682
005 20260306160627.0
008 260306t2009||||xx |||||||||||||| ||spa||
041 _aESP
082 _a371.3
_bB45D
100 _aCarrasco, José Bernardo
_eAUT
245 0 _aUna didáctica para hoy:
_bCómo enseñar mejor
260 _c2009
300 _a383 páginas :
_c22 cm.
650 _aGEN
654 _aCED
942 _cLIB
_dJUS
_fJUS
_2ddc
_n
999 _c8682
_d8682